000 00689nam a2200193 i 4500
001 32293
003 ES-MaACL
005 20250824063031.0
007 t|
008 030130s1909 sp ||||1| spa d
080 _a821.134.2-32"19"
100 1 _aBenito, Enrique de,
_d1882-1930
_927657
245 1 0 _aPartenón :
_blances y ensueños de amor de D. Demetrio de Herreros y de Figueroa, con una teoría previa acerca del flirt /
_ccompuestos por Don Enrique de Benito.
260 _aOviedo :
_b[s.n.],
_c1909 (
_fImp. de A.P. Santamarina)
300 _a81 p. ;
_c22 cm.
650 7 _aRelaciones amorosas
_2embne
_9169274
852 _aES-MaACL
_jT-1201-F
999 _c32293
_d32293